| 000 | 01186nam a22003377a 4500 | ||
|---|---|---|---|
| 001 | 0023411 | ||
| 003 | KOHA_MİRAKIL | ||
| 005 | 20260207002410.0 | ||
| 007 | ta | ||
| 008 | 101027b2009 tu |||gr||||#||||0|tur | | ||
| 020 |
_a97584310702 _qTk.no 9758431080 _c18,2 |
||
| 040 |
_aTR-BiSEU _btur _cTR-BiSEU _erda |
||
| 041 | 0 | _atur | |
| 044 | _ctu | ||
| 050 |
_aQA303 _b.H35 2009 |
||
| 100 | 1 | _aHalilov, Hüseyin. | |
| 245 | 1 |
_aYüksek matematik 1 :Tek değişkenli fonksiyonlar analizi/ _cHüseyin Halilov ; Hüseyin Halilov, Alemdar Hasanoğlu, Mehmet Can. |
|
| 264 | 1 |
_aİstanbul : _bLiteratür _c2009 |
|
| 300 | _ac., [977 ] sayfa | ||
| 336 |
_ametin _btxt _2rdacontent |
||
| 337 |
_aaracısız _bn _2rdamedia |
||
| 338 |
_acilt _bnc _2rdacarrier |
||
| 490 | 1 |
_aLiteratür yayınları ; _v34 . |
|
| 500 | _aDizin var. | ||
| 500 | _ac. 1. Tek değişkenli fonksiyonlar analizi -- c. 2. Çok değişkenli fonksiyonları analizi. | ||
| 505 | _ac. 1. Tek değişkenli fonksiyonlar analizi -- c. 2. Çok değişkenli fonksiyonları analizi. | ||
| 650 | 0 |
_aHesap. _92068 |
|
| 650 | 0 |
_aMatematik. _91486 |
|
| 830 | 1 |
_aLiteratür yayınları ; _v34 . _92210 |
|
| 942 |
_2lcc _cBK |
||
| 999 |
_c23366 _d23366 |
||